00738nam a2200193 a 450000100100000000500170001000800410002702000150006804000250008310000240010824500450013226000450017730000210022249000290024350000420027283000360031495201770035099900170052700004013820201002033936.0130808s1974 sp 000 0 spa d a842450011X aDO-SdBNPbspacBNPHU1 aPaz, Octavio95032413aLa busqueda del comienzo /cOctavio Paz. aMadrid :bEditorial Fundamentos,c1974-. a172 p. ;c19 cm.1 aCuadernos practicos,v13 aIncluye notas al pie de las páginas 0aCuadernos practicos,v13966407 001050718MOaGRbGRcCTd2013-08-08iLF1l0o p40138-10r2020-06-25w2020-06-25y1zPerteneció a la biblioteca personal de Aída Cartagena PortalatínZNo se presta c39628d39628